Statistics for History of France - Picture Quiz

Click here to take the quiz!

General Stats

  • This quiz has been taken 342 times
  • The average score is 12 of 18

Answer Stats

Answer% Correct
Napoleon Bonaparte
97%
Joan of Arc
95%
Bastille
94%
Guillotine
92%
Versailles
91%
Louis XIV
87%
Charlemagne
77%
Impressionism
74%
Julius Caesar
73%
Arc de Triomphe
69%
Fleur-de-lis
69%
French {Louisiana}
67%
{Romance} languages
49%
Gauls
42%
{Vichy} France
42%
Marianne
40%
{Avignon} Bridge
39%
{St. Bartholomew}'s Day massacre
18%

Score Distribution

Percentile by Number Answered

Percent of People with Each Score

Your Score History

You have not taken this quiz